00678nam a2200241 a 4500001001300000003000900013005001700022008004100039020002300080082001300103100001600116245004100132260003300173300000900206500003500215505001000250650001200260700001600272902000800288942000700296952011600303999001700419nice12345678IN_TiNIC20260116014953.0080214s2002 u sa grp 000 0 eng  a0800634640 c10000a264bPRY aPryce, Mark aLiterary Companion to the Lectionary aU S abFortress Press c2002 a143p aincludes index and biblioraphy2 aindex aLiturgy1 aPryce, Mark bSRS cBK 001040708StackRoom-aHMIbHMId2008-02-14g100.00l0o264 PRYp11002073r2008-02-14v100.00w2008-02-14yBK c17772d17772